Élimination par catégorie - Jeux Olympiques - Statistiques

Statistiques générales
  • Ce quiz a été pris 117 fois
  • Le résultat moyen est 14 sur 20
Statistiques - réponses
Groupe # Catégorie % Correct
Vert 48 Pays ayant plus de 50 médailles d'or aux Jeux Olympiques d'été (depuis la première édition)...
99%
Orange 23 Pays ayant organisé les JO...
91%
Orange 12 ...d'hiver...
91%
Orange 7 ...se situant en Europe...
91%
Orange 4 ...ayant eu au moins une médaille au biathlon lors des JO 2026...
91%
Vert 29 ...avec moins de 300 médailles...
90%
Violet 44 Pays présent aux JO d'été 1924...
84%
Violet 27 ...avec au moins 1 médaille sur ces Jeux...
83%
Vert 15 ...ayant gagné au moins 2 médailles d'or aux JO d'été 2024...
80%
Vert 2 ...ayant organisé les Jeux Olympiques d'été...
72%
Bleu 92 Délégation ayant moins de 30 médailles (inclus) aux JO (et au moins 1)...
72%
Bleu 60 ...dont la première lettre arrive avant le N (exclu)...
68%
Orange 1 ...et en luge. Italie
68%
Bleu 40 ...ni en Europe, ni en Océanie...
65%
Bleu 20 ...mais au moins 4 médailles...
59%
Violet 10 ...avec moins de 50 athlètes sur cette édition...
48%
Vert 1 ...ne se situant pas en Europe. Brésil
48%
Violet 5 ...pas en Eurasie...
38%
Bleu 1 ...dans le top 7 des pays les plus heureux du monde. Costa Rica
13%
Violet 1 ...sans médaille de bronze. Uruguay
9%
Aucun quiz correspondant
Distribution des résultats
% des personnes avec chaque résultat
Percentile par nombre de réponses
Votre historique - résultats
Vous n’avez pas pris ce quiz